000 00739nam a22001577a 4500
005 2009072300340.0
008 090723t xxu||||| |||| 00| 0 eng d
245 _aभारतीय वैज्ञानिक एवं औधोगिक अनुसंधान पत्रिका
246 _aBhartiya vaigyanik evam audyogik anusandhan patrika
260 _aNew Delhi
_bNational Institute of Science Communication and Information Resources, CSIR
_c2009-
300 _aखण्ड
_c26 से.मी.
310 _aअर्ध्दवार्षिक
270 _aDr. KS Krishnan Marg,
_bNew Delhi
_e110012
942 _2ddc
_cSR
_s1
999 _c28582
_d28582